<?xml version="1.0" encoding="UTF-8"?>
<collection xmlns="http://www.loc.gov/MARC21/slim">
 <record>
  <leader>03422caa a2200517 c 4500</leader>
  <controlfield tag="001">1938555333</controlfield>
  <controlfield tag="003">DE-627</controlfield>
  <controlfield tag="005">20260427094122.0</controlfield>
  <controlfield tag="007">cr uuu---uuuuu</controlfield>
  <controlfield tag="008">251016s2025    xx |||||o     00| ||ger c</controlfield>
  <datafield tag="035" ind1=" " ind2=" ">
   <subfield code="a">(DE-627)1938555333</subfield>
  </datafield>
  <datafield tag="035" ind1=" " ind2=" ">
   <subfield code="a">(DE-599)KXP1938555333</subfield>
  </datafield>
  <datafield tag="040" ind1=" " ind2=" ">
   <subfield code="a">DE-627</subfield>
   <subfield code="b">ger</subfield>
   <subfield code="c">DE-627</subfield>
   <subfield code="e">rda</subfield>
  </datafield>
  <datafield tag="041" ind1=" " ind2=" ">
   <subfield code="a">ger</subfield>
  </datafield>
  <datafield tag="084" ind1=" " ind2=" ">
   <subfield code="a">MG 81950</subfield>
   <subfield code="q">DE-2620/25</subfield>
   <subfield code="2">rvk</subfield>
   <subfield code="0">(DE-625)rvk/122864:12227</subfield>
  </datafield>
  <datafield tag="084" ind1=" " ind2=" ">
   <subfield code="a">NR 6540</subfield>
   <subfield code="q">DE-2620/25</subfield>
   <subfield code="2">rvk</subfield>
   <subfield code="0">(DE-625)rvk/129607:</subfield>
  </datafield>
  <datafield tag="100" ind1="1" ind2=" ">
   <subfield code="a">Krätzner-Ebert, Anita</subfield>
   <subfield code="d">1984-</subfield>
   <subfield code="e">VerfasserIn</subfield>
   <subfield code="0">(DE-588)138090440</subfield>
   <subfield code="0">(DE-627)599095067</subfield>
   <subfield code="0">(DE-576)306330660</subfield>
   <subfield code="4">aut</subfield>
  </datafield>
  <datafield tag="245" ind1="1" ind2="0">
   <subfield code="a">Heiko Neumann: Ein Ort für &quot;Menschen mit neuem Bewusstsein&quot;</subfield>
   <subfield code="c">Anita Krätzner-Ebert</subfield>
  </datafield>
  <datafield tag="264" ind1=" " ind2="1">
   <subfield code="c">2025</subfield>
  </datafield>
  <datafield tag="336" ind1=" " ind2=" ">
   <subfield code="a">Text</subfield>
   <subfield code="b">txt</subfield>
   <subfield code="2">rdacontent</subfield>
  </datafield>
  <datafield tag="337" ind1=" " ind2=" ">
   <subfield code="a">Computermedien</subfield>
   <subfield code="b">c</subfield>
   <subfield code="2">rdamedia</subfield>
  </datafield>
  <datafield tag="338" ind1=" " ind2=" ">
   <subfield code="a">Online-Ressource</subfield>
   <subfield code="b">cr</subfield>
   <subfield code="2">rdacarrier</subfield>
  </datafield>
  <datafield tag="689" ind1="0" ind2="0">
   <subfield code="d">b</subfield>
   <subfield code="0">(DE-588)4773059-6</subfield>
   <subfield code="0">(DE-627)383681464</subfield>
   <subfield code="0">(DE-576)216251494</subfield>
   <subfield code="a">Deutschland</subfield>
   <subfield code="g">DDR</subfield>
   <subfield code="b">Ministerium für Staatssicherheit</subfield>
   <subfield code="b">Bezirksverwaltung Dresden</subfield>
   <subfield code="2">gnd</subfield>
  </datafield>
  <datafield tag="689" ind1="0" ind2="1">
   <subfield code="d">s</subfield>
   <subfield code="0">(DE-588)4120744-0</subfield>
   <subfield code="0">(DE-627)105774340</subfield>
   <subfield code="0">(DE-576)209537604</subfield>
   <subfield code="a">Mitarbeiter</subfield>
   <subfield code="2">gnd</subfield>
  </datafield>
  <datafield tag="689" ind1="0" ind2="2">
   <subfield code="d">s</subfield>
   <subfield code="0">(DE-588)4065348-1</subfield>
   <subfield code="0">(DE-627)106119451</subfield>
   <subfield code="0">(DE-576)209158077</subfield>
   <subfield code="a">Weltanschauung</subfield>
   <subfield code="2">gnd</subfield>
  </datafield>
  <datafield tag="689" ind1="0" ind2="3">
   <subfield code="d">s</subfield>
   <subfield code="0">(DE-588)4043774-7</subfield>
   <subfield code="0">(DE-627)106208446</subfield>
   <subfield code="0">(DE-576)209057408</subfield>
   <subfield code="a">Organisation</subfield>
   <subfield code="2">gnd</subfield>
  </datafield>
  <datafield tag="689" ind1="0" ind2="4">
   <subfield code="a">z</subfield>
   <subfield code="2">gnd</subfield>
   <subfield code="a">Geschichte 1950-1989</subfield>
  </datafield>
  <datafield tag="689" ind1="0" ind2=" ">
   <subfield code="5">(DE-627)</subfield>
  </datafield>
  <datafield tag="700" ind1="1" ind2=" ">
   <subfield code="a">Neumann, Heiko</subfield>
   <subfield code="d">1985-</subfield>
   <subfield code="e">VerfasserIn des Bezugswerks</subfield>
   <subfield code="0">(DE-588)1109808038</subfield>
   <subfield code="0">(DE-627)864398107</subfield>
   <subfield code="0">(DE-576)475608461</subfield>
   <subfield code="4">ant</subfield>
  </datafield>
  <datafield tag="773" ind1="0" ind2="8">
   <subfield code="i">Enthalten in</subfield>
   <subfield code="t">Sehepunkte</subfield>
   <subfield code="d">München : Ludwig-Maximilians-Univ., 2001</subfield>
   <subfield code="g">25(2025), 10</subfield>
   <subfield code="h">Online-Ressource</subfield>
   <subfield code="w">(DE-627)33678273X</subfield>
   <subfield code="w">(DE-600)2062440-2</subfield>
   <subfield code="w">(DE-576)117978736</subfield>
   <subfield code="x">1618-6168</subfield>
   <subfield code="7">nnas</subfield>
  </datafield>
  <datafield tag="773" ind1="1" ind2="8">
   <subfield code="g">volume:25</subfield>
   <subfield code="g">year:2025</subfield>
   <subfield code="g">number:10</subfield>
  </datafield>
  <datafield tag="787" ind1="0" ind2="8">
   <subfield code="i">Rezension von</subfield>
   <subfield code="a">Neumann, Heiko, 1985 - </subfield>
   <subfield code="t">Ein Ort für &quot;Menschen mit neuem Bewusstsein&quot;</subfield>
   <subfield code="d">Dresden : Sandstein Verlag, 2024</subfield>
   <subfield code="h">568 Seiten</subfield>
   <subfield code="w">(DE-627)1905923538</subfield>
   <subfield code="z">9783954988501</subfield>
   <subfield code="z">395498850X</subfield>
  </datafield>
  <datafield tag="787" ind1="0" ind2="8">
   <subfield code="i">Rezension von</subfield>
   <subfield code="a">Neumann, Heiko, 1985 - </subfield>
   <subfield code="t">Ein Ort für &quot;Menschen mit neuem Bewusstsein&quot;</subfield>
   <subfield code="b">2., leicht verbesserte Auflage</subfield>
   <subfield code="d">Dresden : Sandstein Verlag, 2026</subfield>
   <subfield code="h">568 Seiten</subfield>
   <subfield code="w">(DE-627)1968030727</subfield>
   <subfield code="z">9783954988389</subfield>
  </datafield>
  <datafield tag="856" ind1="4" ind2="0">
   <subfield code="u">https://www.sehepunkte.de/2025/10/40241.html</subfield>
   <subfield code="x">Verlag</subfield>
   <subfield code="z">kostenfrei</subfield>
   <subfield code="7">0</subfield>
  </datafield>
  <datafield tag="935" ind1=" " ind2=" ">
   <subfield code="a">SAXB</subfield>
  </datafield>
  <datafield tag="936" ind1="r" ind2="v">
   <subfield code="a">MG 81950</subfield>
   <subfield code="b">Sicherheit (Polizei, Geheimdienste, Verfassungsschutz)</subfield>
   <subfield code="k">Politologie</subfield>
   <subfield code="k">Politische Systeme einzelner Länder</subfield>
   <subfield code="k">Europa, Nordamerika</subfield>
   <subfield code="k">Osteuropa (ehem. Ostblock)</subfield>
   <subfield code="k">DDR (bis 1990)</subfield>
   <subfield code="k">Einzelne politische Sachgebiete</subfield>
   <subfield code="k">Sicherheit (Polizei, Geheimdienste, Verfassungsschutz)</subfield>
   <subfield code="0">(DE-627)1271025604</subfield>
   <subfield code="0">(DE-625)rvk/122864:12227</subfield>
   <subfield code="0">(DE-576)201025604</subfield>
  </datafield>
  <datafield tag="936" ind1="r" ind2="v">
   <subfield code="a">NR 6540</subfield>
   <subfield code="b">Dresden</subfield>
   <subfield code="k">Geschichte</subfield>
   <subfield code="k">Landes- und Stadtgeschichte (Allgemeine, Deutsche und Österreichische Landes- und Stadtgeschichte, Ausländische Stadtgeschichte, Geschichte der Auslanddeutschen)</subfield>
   <subfield code="k">Deutsche Landesgeschichte im Einzelnen (einschl. ehemaliger deutscher Gebiete)</subfield>
   <subfield code="k">Thüringen, Sachsen, Sachsen-Anhalt</subfield>
   <subfield code="k">Stadtgeschichte</subfield>
   <subfield code="k">Einzelne Städte</subfield>
   <subfield code="k">Städte D</subfield>
   <subfield code="k">Dresden</subfield>
   <subfield code="0">(DE-627)1271496674</subfield>
   <subfield code="0">(DE-625)rvk/129607:</subfield>
   <subfield code="0">(DE-576)201496674</subfield>
  </datafield>
  <datafield tag="951" ind1=" " ind2=" ">
   <subfield code="a">AR</subfield>
  </datafield>
  <datafield tag="994" ind1=" " ind2=" ">
   <subfield code="u">https://www.sehepunkte.de/2025/10/40241.html</subfield>
  </datafield>
  <datafield tag="990" ind1=" " ind2=" ">
   <subfield code="a">Deutschland / Ministerium für Staatssicherheit / Bezirksverwaltung Dresden</subfield>
  </datafield>
  <datafield tag="990" ind1=" " ind2=" ">
   <subfield code="a">Mitarbeiter</subfield>
  </datafield>
  <datafield tag="990" ind1=" " ind2=" ">
   <subfield code="a">Weltanschauung</subfield>
  </datafield>
  <datafield tag="990" ind1=" " ind2=" ">
   <subfield code="a">Organisation</subfield>
  </datafield>
  <datafield tag="990" ind1=" " ind2=" ">
   <subfield code="a">Geschichte 1950-1989</subfield>
  </datafield>
  <datafield tag="991" ind1=" " ind2=" ">
   <subfield code="a">Rezension (Monographie, Zeitschrift, Aufsatz)</subfield>
  </datafield>
  <datafield tag="999" ind1=" " ind2=" ">
   <subfield code="a">KXP-PPN1938555333</subfield>
   <subfield code="e">4978822513</subfield>
  </datafield>
 </record>
</collection>
